| 000 | 00658nam a22002177a 4500 | ||
|---|---|---|---|
| 999 |
_c6400 _d6400 |
||
| 003 | AR-CdUCM | ||
| 008 | 190315b ||||| |||| 00| 0 spa d | ||
| 040 |
_aMUNICIPALIDAD PROVINCIAL DEL CUSCO _cBIBLIOTECA MUNICIPAL DEL CUSCO |
||
| 082 |
_a869.56 / _bUL38 |
||
| 100 |
_aUlloa, Gonzalo _918207 |
||
| 245 | _aBandada / | ||
| 260 |
_aLima : _bT. Scheuch, _c1925. |
||
| 300 |
_axxi, 161 páginas ; _bilustraciones, _c23 cm. |
||
| 500 | _aDonación de la familia Nieto | ||
| 650 |
_aPoesía _9444 |
||
| 650 |
_aPoesía peruana _9806 |
||
| 650 |
_aSiglo XX _98 |
||
| 700 |
_aPrado Paredes, Luis Del (Ilustrador) _918208 |
||
| 942 |
_2ddc _cLIBROS |
||
| 945 | _araen | ||